Jalisco : (Record no. 87001)

MARC details
000 -LEADER
fixed length control field 00525cam a2200169 4500
008 - FIXED-LENGTH DATA ELEMENTS--GENERAL INFORMATION
fixed length control field 1995 spa
050 #4 - LIBRARY OF CONGRESS CALL NUMBER
Classification number F1296 .5
Item number A52 1995
100 1# - MAIN ENTRY--PERSONAL NAME
Personal name Anda Gutiérrez, Cuauhtémoc
245 #0 - TITLE STATEMENT
Title Jalisco :
Remainder of title modernidad y futuro /
Statement of responsibility, etc Cuauhtémoc Anda Gutiérrez.
260 ## - PUBLICATION, DISTRIBUTION, ETC. (IMPRINT)
Place of publication, distribution, etc México :
Name of publisher, distributor, etc [s.n.],
Date of publication, distribution, etc 1995
300 ## - PHYSICAL DESCRIPTION
Extent 237 p. ;
Dimensions 21 cm.
504 ## - BIBLIOGRAPHY, ETC. NOTE
Bibliography, etc Bibliografía: p. 233-237
651 ## - SUBJECT ADDED ENTRY--GEOGRAPHIC NAME
Geographic name Guadalajara, Jalisco
General subdivision Historia
Geographic subdivision México
Source of heading or term LEMB
942 ## - ADDED ENTRY ELEMENTS (KOHA)
Source of classification or shelving scheme Biblioteca del Cogreso de los Estados Unidos
Koha item type Libro
Holdings
Estado de pérdida Fuente de clasificación Estado del daño No para préstamo Ubicación permanente Ubicación actual Apartado o colección Fecha de adquisición Edición Dependencia de educación superior (DES) Área del conocimiento Clasificación Código de Barras Date last seen Número de copia Tipo de recurso
  Biblioteca del Cogreso de los Estados Unidos     Biblioteca de la Unidad de Ciencias Ingeniería y Humanidades Biblioteca de la Unidad de Ciencias Ingeniería y Humanidades General 17/09/2018 1a.ed   Educación y Humanidades F1296 A52 1995 BCU000003546 17/09/2018 C:1 Libro
  Biblioteca del Cogreso de los Estados Unidos     Biblioteca del Instituto de Investigaciones Históricas Biblioteca del Instituto de Investigaciones Históricas General 17/05/2018 1a ed. Humanidades Ciencias Sociales y Administrativas F1296 .5 A52 1995 IIH000021603 17/05/2018 C:1 Libro
  Biblioteca del Cogreso de los Estados Unidos     Biblioteca del Instituto de Investigaciones Históricas Biblioteca del Instituto de Investigaciones Históricas General 17/05/2018 1a ed. Humanidades Ciencias Sociales y Administrativas F1296 .5 A52 1995 IIH000021604 17/05/2018 C:2 Libro